|
|
|
|
| LEADER |
01147nam a22003137a 4500 |
| 001 |
35320 |
| 003 |
BD-DhAAL |
| 005 |
20211129125433.0 |
| 008 |
190908t1990 nyua 001 0 eng d |
| 999 |
|
|
|c 41158
|d 41158
|
| 020 |
|
|
|a 0877202737
|
| 020 |
|
|
|a 0877202508
|
| 020 |
|
|
|a 9780877202509
|
| 040 |
|
|
|a BD-DhAAL
|
| 082 |
|
|
|a 510.712
|
| 100 |
|
|
|a Keenan, Edward P.
|9 34234
|
| 245 |
|
|
|a Integrated mathematics :
|b course II /
|c Edward P. Keenan and Isidore Dressler.
|
| 250 |
|
|
|a Second edition
|
| 260 |
|
|
|a New York :
|b Amsco School Publications,
|c c1990
|
| 300 |
|
|
|a xi, 259 pages :
|b illustrations ;
|c 26 cm
|
| 500 |
|
|
|a Includes index.
|
| 526 |
|
|
|a BIED
|
| 541 |
|
|
|a Complimentary copy from BIED
|e 35320
|
| 650 |
|
|
|a Mathematics
|x Study and teaching (Secondary).
|9 34235
|
| 650 |
|
|
|a Mathematics.
|9 34236
|
| 700 |
|
|
|a Dressler, Isidore.
|9 34237
|
| 852 |
|
|
|a Ayesha Abed Library
|c General Stacks
|
| 942 |
|
|
|2 ddc
|c BK
|
| 952 |
|
|
|0 0
|1 0
|2 ddc
|4 0
|6 510_712000000000000_KEE
|7 0
|9 66190
|a BRACUL
|b BRACUL
|c GEN
|d 2019-09-08
|e Complimentary copy from BIED
|l 0
|o 510.712 KEE
|p 3010035320
|r 2019-09-08
|t 1
|w 2019-09-08
|y BK
|x Transferred from BIED to General Stacks
|